The natural history of amphibians and reptiles in Sabah

Bibliographic Details
Main Author: INGER
Other Authors: Tan
Format: Book
Published: Kota Kinabalu, Sabah : Natural History Pub. , 1996
Subjects:

MARC

LEADER 00000cam a2200000 7i4500
001 0000002016
005 20020805.0
020 0 0 |a 9838120103 
090 0 0 |a 597.60959521   |b ING 1996 
100 1 0 |a INGER   |h Robert F. 
245 1 4 |a The natural history of amphibians and reptiles in Sabah   |c Robert F. Inger and Tan Fui Lian 
260 0 0 |a Kota Kinabalu, Sabah :   |b Natural History Pub. ,   |c 1996 
300 |a iv, 101 p. :   |b col. ill. ;   |c 22 cm. 
500 0 0 |a Includes bibliography : p. 90-91 and index 
650 0 0 |a Amphibians   |z Sabah 
650 0 0 |a Reptiles   |z Sabah 
700 0 1 |a Tan   |h Fui Lian 
998 |a JPSM 
999 |a 0000003337   |b Monograph   |c Open Shelf   |e Default branch